Engineering mechanics (Record no. 6029)

000 -LEADER
fixed length control field 00538nam a2200205 i 4500
001 - CONTROL NUMBER
control field 6029
003 - CONTROL NUMBER IDENTIFIER
control field BD-DhUET
008 - FIXED-LENGTH DATA ELEMENTS--GENERAL INFORMATION
fixed length control field 750924s1976 njua 001 0 eng
020 ## - INTERNATIONAL STANDARD BOOK NUMBER
International Standard Book Number 013278663X
040 ## - CATALOGING SOURCE
Original cataloging agency DLC
Transcribing agency DLC
Modifying agency BD-DhUET
082 00 - DEWEY DECIMAL CLASSIFICATION NUMBER
Classification number 620.1
Item number MAL/1976
100 ## - MAIN ENTRY--PERSONAL NAME
Personal name Malvern, Lawrence E.
245 10 - TITLE STATEMENT
Title Engineering mechanics
Statement of responsibility, etc. by Lawrence E. Malvern
250 ## - EDITION STATEMENT
Edition statement 1st ed.
260 ## - PUBLICATION, DISTRIBUTION, ETC. (IMPRINT)
Place of publication, distribution, etc. New Jersey
Name of publisher, distributor, etc. Prentice-Hall
Date of publication, distribution, etc. 1976
300 ## - PHYSICAL DESCRIPTION
Extent x,302p.
Other physical details ill.
Dimensions 24 cm.
500 ## - GENERAL NOTE
General note Volume 1 Statics
650 #0 - SUBJECT ADDED ENTRY--TOPICAL TERM
Topical term or geographic name as entry element Mechanics - Applied
942 ## - ADDED ENTRY ELEMENTS (KOHA)
Koha item type General Book
Holdings
Lost status Price effective from Not for loan Copy number Piece designation (barcode) Shelving location Koha full call number Koha date last seen Source of classification or shelving scheme Withdrawn status Koha item type Sublocation or collection (holding branch) Damaged status Date acquired Koha normalized classification for sorting Location (home branch)
 2014-11-29 172320Circulation section620.1/MAL/19762014-11-29  General BookCentral Library, BUET 2014-11-29620_100000000000000_MAL_1976Central Library, BUET
 2014-11-30 284892Circulation section620.1/MAL/19762014-11-30  General BookCentral Library, BUET 2014-11-30620_100000000000000_MAL_1976Central Library, BUET
 2014-12-02 386692Circulation section620.1/MAL/19762014-12-02  General BookCentral Library, BUET 2014-12-02620_000000000000000_1MAL1976Central Library, BUET
 2014-12-02 484990Circulation section620.1/MAL/19762014-12-02  General BookCentral Library, BUET 2014-12-02620_100000000000000_MAL_1976Central Library, BUET